000 00858nam a22002537a 4500
005 20100817142257.0
010 _aENG-100743
020 _a9788189746841
_c195.00
020 _a8189746843
_c195.00
035 _aEN-84276
037 _bDBAD/PUB
082 _a200
100 _aRakhit, Maanoj
_915054
245 _aAre all religions equal? /
_cby Maanoj Rakhit
260 _aMumbai
_bMaanoj Rakhit
_c2009
270 _a8-604 Discovery, Duttapada Marg, Borivali East
_bMumbai
_e400066
300 _a124p.
_c21cm (pbk)
_eb&w photos
500 _aIncludes bibliographical references
650 _aChiristianity & other religions
_915055
650 _aHinduism
_9612
650 _aSecularism
_915056
942 _2ddc
_cEN
_h200
_mRAK
999 _c42304
_d42304